000 00775nam a2200265 a 4500
001 BRCA_6424
005 20190320205440.0
008 210911s1949----gw-ac#####---#000-0#ger-#
041 _ager
044 _agw
050 4 _aQ171
_b.H85 1849
100 1 _aHumboldt, Alexander von
_d1769-1859
_916048
245 1 0 _aAnsichten der Natur
_cAlexander von Humboldt.
250 _a3
260 _aLeipzig, Alemania
_bPhilipp Reclam
_c1849
300 _a434 p.
_bil., retratos
_c14 cm.
500 _aIncluye índice alfabético
500 _aL7
650 1 4 _aCiencia
_vDiscursos, ensayos, conferencias
_916049
650 1 4 _aGeografía física
_910483
650 1 4 _aBotánica
_915603
651 4 _aAmérica del Sur
_xDescripción y viajes
_98178
902 _aGFM
942 _2lcc
_cB
999 _c6108
_d6108